000
00348nam a2200145Ia 4500
008
191206s9999 xx 000 0 und d
020
_a
773601058
090
_a
PS8595H57W54
245
0
_a
White Snake: A novel
250
_a
1st ed.
260
_a
General Publishing
260
_c
cc1982
300
_a
247 p. ; 24 cm.
999
_c
17286
_d
17286